| 000 | 00591cab a2200217 4500 | ||
|---|---|---|---|
| 001 | WB3234-61 | ||
| 008 | 090401t1996 xxu||||| |||| 00| 0 eng d | ||
| 035 | _a(Sirsi) u57853 | ||
| 041 | _aeng | ||
| 245 | _aHow to campaign against mobile phone masts | ||
| 260 | _c1996 | ||
| 350 | _a0 | ||
| 490 |
_aYorkshire Post _v13 September 1996, 6(1) |
||
| 520 | _aA new document by CPRE give tips on campaigning against mobile phone masts. | ||
| 650 | _aCPRE | ||
| 650 | _aMOBILE PHONE MASTS | ||
| 650 | _aTELEPHONE MASTS | ||
| 690 | _aRURAL PRACTICE | ||
| 942 | _n0 | ||
| 948 | _c04/03/1997 | ||
| 999 |
_c35317 _d35317 |
||